000 00749nam a2200229 4500
001 137782
003 ES-MaACL
005 20231221192203.0
007 t|
008 070214s1999 sp r ||||1| spa d
100 1 _aSalinas, Pedro,
_d1891-1951
_9101942
245 1 3 _aLa voz a ti debida
_b: ; Razón de amor /
_cPedro Salinas ; edición, introducción y notas de Joaquín González Muela.
250 _a5ª ed.
260 _aMadrid :
_bCastalia,
_c1985.
300 _a211 p., [4] h. de lám. ;
_c18 cm.
490 1 _aClásicos Castalia ;
_v2
700 1 _aGonzález Muela, Joaquín.
_958829
740 0 _aRazón de amor.
830 0 _aClásicos Castalia ;
_v2
_9178595
852 _aES-MaACL
_jL-9570
_bR.110777
999 _c137782
_d137782